|
|
|
|
| LEADER |
00000nas a22000001a 4500 |
| 001 |
vtls010302073 |
| 003 |
SK-MaSNL |
| 005 |
20260228163029.0 |
| 008 |
110810d19511953xo en p r 0 b0slo |
| 015 |
|
|
|a SNBDS17XX9999
|
| 015 |
|
|
|a 1285
|2 Balúnová 1945-60
|
| 038 |
|
|
|a SNKBUDS
|
| 040 |
|
|
|a SNK
|b slo
|c SNK
|e AACR2
|
| 041 |
0 |
|
|a slo
|
| 044 |
|
|
|a xo
|c SK
|
| 080 |
|
|
|a 624
|2 2001
|
| 080 |
|
|
|a 070.489
|2 2001
|
| 245 |
0 |
0 |
|a Prúd stavby
|b závodný časopis zamestnancov ČSSZ - pridruženej výroby v Kráľovej
|
| 260 |
|
|
|a Banská Bystrica-Kráľová
|b ZS ROH ČSSZ, n. p.
|c 1951-1953
|
| 300 |
|
|
|a 3 roč.
|c 30 x 21 cm
|
| 310 |
|
|
|a 1x za 2 týždne
|
| 362 |
0 |
|
|a Roč. I, č. 21 (14.4.1951)-roč. III, č. 14 (24.12.1953)
|
| 500 |
|
|
|a Zmena podnázvu: od 1/II (1952) Závodný časopis zamestnancov Stavoindustrie, nár. podnik, záv. 9 PSV, Banská Bystrica
|
| 500 |
|
|
|a V tiráži: Závodný časopis zamestnancov ČSSZ, národný podnik, závod pridruženej výroby, Banská Bystrica
|
| 500 |
|
|
|a Vych. v Banskej Bystrici-Kráľovej dvojtýždenne [nepravidelne]
|
| 500 |
|
|
|a Ved. red. Ján Piško, od 10/II (10. sept. 1952) Š. Rosa. Zodp. red. Pavol Čierny
|
| 500 |
|
|
|a Vyd. ZS ROH ČSSZ, n. p. v Banskej Bystrici
|
| 500 |
|
|
|a Tlač. rozmnož. cyklostylom
|
| 500 |
|
|
|a Vych. od 14. apr. 1951. č. 4/II (14. júna 1952) vo formáte 30 x 43 cm. Pov. PIO č. 8603/51-II/3 zo 17. apr. 1951. Posl. známe číslo 14/III z 24. dec. 1953
|
| 505 |
8 |
0 |
|g Roč. I. 1951 10 č. po 4-8 s.
|
| 505 |
8 |
0 |
|g Roč. II. 1952 14 č. po 8 s.
|
| 505 |
8 |
0 |
|g Roč. III. 1953 14 č. po 8 s.
|
| 525 |
|
|
|a V roč. II (1952) mimor. príl.: Sen noci aprílovej, 6 strán
|
| 610 |
2 |
7 |
|a Československé stavebné závody, n.p. (Banská Bystrica)
|x časopisy
|2 SNKBUDS
|9 272820
|
| 650 |
0 |
7 |
|a stavebníctvo
|2 SNKPH
|9 726
|
| 650 |
0 |
7 |
|a inžinierske staviteľstvo
|2 SNKPH
|9 725
|
| 655 |
|
7 |
|a podnikové časopisy
|2 SNKBUDS
|9 265225
|
| 700 |
1 |
|
|a Piško, Ján
|4 pbd
|9 272821
|
| 700 |
1 |
|
|a Rosa, Š.
|4 pbd
|9 272822
|
| 700 |
1 |
|
|a Čierny, Pavol
|4 pbd
|9 272823
|
| 710 |
2 |
|
|a Československé stavebné závody, n.p. (Banská Bystrica)
|e vydav.
|9 272824
|
| 852 |
|
|
|a SNK
|b 10000
|h ČSB 1039
|
| 852 |
|
|
|a UKB
|b 300000
|h SB 1145
|
| 852 |
|
|
|a SVKKK
|b 900000
|h C 392
|
| 852 |
|
|
|a UKB
|b 300000
|h XX B 795
|
| 999 |
|
|
|c 8763
|d 10693
|